Catálogo

JUANA LA LOCA : (Registro nro. 18974)

Detalles MARC
000 -LEADER
fixed length control field 00462nam a2200181 a 4500
001 - CONTROL NUMBER
control field 18974
005 - DATE AND TIME OF LATEST TRANSACTION
control field 20180713212342.0
008 - FIXED-LENGTH DATA ELEMENTS--GENERAL INFORMATION
fixed length control field 140415s1943 000 0 spa d
041 ## - LANGUAGE CODE
Language code of text/sound track or separate title spa
082 ## - DEWEY DECIMAL CLASSIFICATION NUMBER
Classification number 833
Item number PFA
100 1# - MAIN ENTRY--PERSONAL NAME
Personal name PFANDL, LUDWIG
245 10 - TITLE STATEMENT
Title JUANA LA LOCA :
Remainder of title SU VIDA, SU TIEMPO, SU CULPA
250 ## - EDITION STATEMENT
Edition statement 4a ed.
260 ## - PUBLICATION, DISTRIBUTION, ETC.
Place of publication, distribution, etc. [s.l.] :
Name of publisher, distributor, etc. ESPASA-CALPE,
Date of publication, distribution, etc. 1943
300 ## - PHYSICAL DESCRIPTION
Extent 161
490 ## - SERIES STATEMENT
Series statement AUSTRAL, 17
650 14 - SUBJECT ADDED ENTRY--TOPICAL TERM
Topical term or geographic name entry element NOVELA ALEMANA
Existencias
Withdrawn status Lost status Source of classification or shelving scheme Damaged status Not for loan Collection code Home library Current library Shelving location Date acquired Source of acquisition Inventory number Total Checkouts Full call number Barcode Date last seen Date last checked out Price effective from Koha item type
    Dewey Decimal Classification     General Biblioteca Karol Wojtyla Biblioteca Karol Wojtyla Sala general 03/12/2013 Compra 151000000000000000032914   833 PFA 38412 05/01/2026 18/09/2014 03/12/2013 Libro